00966nam a2200301 k 4500001001300000005001500013008004100028020003300069040001900102041001300121049001700134056001300151090002000164100002500184245011100209246002900320260003100349300002400380500003400404504002400438546004400462653003900506700002500545700001400570740004400584900002500628950001100653KMO20260102320260331091111260328s2025 ulka b 000 u kor a9791167903136g03800c\22000 a146043c1460431 akorhger0 lMEM000012600 a850.926 a850.9b아11ㅎ1 a아감벤, 조르조10a횔덜린의 광기b거주하는 삶의 연대기 1806~1843d조르조 아감벤 지음e박문정 옮김19a(La) follia di Holderlin a서울b현대문학c2025 a368p.b삽화c19cm a원저자명: Giorgio Agamben a참고문헌 수록 a독일어 원작을 한국어로 번역 a횔덜린a광기a영미작가론1 a아감벤, 조르조1 a박문정02a거주하는 삶의 연대기 1806~184310a아감벤, 조르조0 b\22000 |
|---|